000 00837nam a2200265Ia 4500
003 OSt
005 20220918171009.0
006 a|||||r|||| 00| 0
007 ta
008 220917b |||||||| |||| 00| 0 eng d
020 _a9781118973585 (pbk)
_cUSD 54.95
024 _a317,596
037 _b1365, 10/03/2017, Bright Book Service
_cTextual
040 _aARTS
_cARTS
_beng
041 _2eng
_aeng
082 _aX:952, N8;Q6
100 _aCook Mark Au.
_932979
245 0 _aPersonnel selection
_b adding value through people a changing picture
250 _a6th
260 _aWest Sussax
_b John wiley & sons UK
_c2016
300 _aviii,357p.
_ccm.
650 _aPERSONNEL MANAGEMENT
_929105
942 _hX:952, N8;Q6
_cTEXL
_2CC
999 _c137170
_d137170